Enzim vi sinh vật

Na minha lista:
Detalhes bibliográficos
Autor principal: Enz
Formato: Livro
Tags: Adicionar Tag
Sem tags, seja o primeiro a adicionar uma tag!
Thư viện lưu trữ: Mạng thư viện Đại học Đà Nẵng
LEADER 00537nam a2200205 4500
001 000009077
003 5271
005 20150812140846.0
008 111025s sd
100 0 |a Enz 
245 0 0 |a Enzim vi sinh vật  |c Enz 
774 |d H.  |d Khoa học và kỹ thuật  |d 1982  |g T.2  |h 175tr.  |o KM.011219  |w 5272 
OWN |a LSP 
999 |a From the UDN01 
TYP |a Monograph 
TYP |a Printed language 
980 |a Mạng thư viện Đại học Đà Nẵng